| 000 | 02075nam a2200253 4500 | ||
|---|---|---|---|
| 003 | vecauma | ||
| 005 | 20260414140341.0 | ||
| 007 | ta | ||
| 008 | 260414b ve ||||| |||| 00| 0 spa d | ||
| 020 | _a8460528103 | ||
| 040 |
_avecauma _bspa _cvecauma _dvecauma _erda |
||
| 041 | _aspa | ||
| 100 | 1 | _eautor | |
| 245 | 1 |
_aUna luz en el horizonte _bSistemas, métodos y puntos de referencia para triunfar _c/ Fernando Lozano Domínguez |
|
| 264 |
_aMadrid: _bRevista internacional de relaciones públicas; _c1995. |
||
| 300 | _a220 páginas. | ||
| 336 |
_atexto _btxt _2rdacontenido |
||
| 337 |
_ano mediado _bn _2rdamedio |
||
| 338 |
_avolumen _bnc _2rdasoporte |
||
| 505 | 0 | _afundamento de la obra / Sistemas y subsistemas inmateriales y mixtos / La soberanía y dignidad de nuestra especie / | |
| 520 | 3 | _aEl libro que tiene Vd. en las manos aborda con singular maestría y clarividencia éstas y otras muchas cuestiones de indudable interés, apuntalando firmemente las bases de las estructuras naturales y sociales que rigen nuestra conducta en el "armonioso conjunto de la Creación". "UNA LUZ EN EL HORIZONTE™ nos plantea el constructivo reto de hacernos día a día más humanos avanzando de forma científica y racional, sin temor a errar, para lo cual habremos de utilizar adecuadamente los sistemas y subsistemas, métodos y puntos de referencia que en su contenido se describen con brillante esmero y total minuciosidad. Su autor, Fernando Lozano Domínguez, es conocido y apreciado como investigador y escritor en materia de comprensión humana y dirección de empresa en más de cincuenta países. Por estas razones, esta obra constituye un rico y original manual de consulta, así como una apasionante teoría que abre nuevas vías de investigación al pensamiento contemporáneo, especialmente indicada para altos directivos y aspirantes a serlo, para profesores y alumnos y, en general, para todos aquellos seres humanos que se precien y enorgullezcan de actuar como tales. | |
| 942 | 1 |
_2lcc _n0 _cBK |
|
| 999 |
_c13362 _d13362 |
||